000 00555 a2200157 4500
999 _c7899
_d7899
020 _a9788251837811
050 _aKTZ210.8 WOM 1999
100 _aHelum, Anne
_eeditor
245 _aWomen's human rights and legal pluralism in Africa;
_bMixed norms and identities in infertility management in Zimbabwe/
264 _aNorwegian:
_bTano Aschehoug;
_c1999
300 _a469p.;
500 _aIncludes appendix and index
650 _aSources of local law
700 _aStewart, Julie
_eeditor
942 _2lcc
_cBK
_h210.8
_iWOM
_kKTZ